15 smallest countries! - Statistics

General Stats
  • This quiz has been taken 14 times
  • The average score is 11 of 16
Answer Stats
Answer % Correct
V Vatican City
100%
S San Marino
92%
L Liechtenstein
83%
N Nauru
83%
T Tuvalu
83%
M Monaco
75%
P Palau
75%
S Saint Kitts and Nevis
75%
A Antigua and Barbuda
67%
M Malta
67%
S Saint Vincent and the Grenadines
67%
B Barbados
58%
M Marshall islands
58%
S Seychelles
58%
G Grenada
50%
M Maldives
50%
No matching quizzes found
Score Distribution
Percent of People with Each Score
Percentile by Number Answered
Your Score History
You have not taken this quiz